| 000 | 00928nam0a22003011 4500 | ||
|---|---|---|---|
| 001 | v19\rc\2037011 | ||
| 005 | 20260406073837.0 | ||
| 035 | _a(NLR Aleph) 005120448 | ||
| 090 |
_a7588624 _c7588624 |
||
| 100 | _a20080925d1917 u y0rusy50 ca | ||
| 101 | 1 |
_arus _cfre |
|
| 102 | _aRU | ||
| 105 | _ay z |||a| | ||
| 200 | 1 |
_aБез семьи _e[Роман]... Кн. 1-2 _fГектор Мало |
|
| 210 |
_aМосква _cИ. Кнебель _d1917 |
||
| 215 |
_a2 т. _d25 |
||
| 532 | 1 | 3 | _aБез семьи |
| 700 | 1 |
_8rus _7ca _aМало _bГ. _gГектор _f1830-1907 _3RU\NLR\auth\7732365 _915373 |
|
| 790 | 1 |
_8rus _7ca _aМало _bГ. _gГектор _f1830-1907 _3RU\NLR\auth\7732365 _915373 |
|
| 801 | 0 |
_aRU _bNLR _gpsbo |
|
| 801 | 0 |
_aRU _bRuMoRGB _2psbo |
|
| 801 | 1 |
_aRU _bProSoft-M _2rusmarc |
|
| 852 |
_aNLR _j17.155.3.27(1-2) |
||
| 899 |
_aRuMoRGB _jV 272/292 |
||
| 899 | _aБАН | ||
| 942 | _cBOOK | ||
| 980 | _aNB | ||